| 000 -LEADER |
| fixed length control field |
01413nam a22003737a 4500 |
| 001 - CONTROL NUMBER |
| control field |
4488288 |
| 003 - CONTROL NUMBER IDENTIFIER |
| control field |
OSt |
| 005 - DATE AND TIME OF LATEST TRANSACTION |
| control field |
20210422050746.0 |
| 008 - FIXED-LENGTH DATA ELEMENTS--GENERAL INFORMATION |
| fixed length control field |
970326s1997 nyua 001 0 eng c |
| 010 ## - LIBRARY OF CONGRESS CONTROL NUMBER |
| LC control number |
97010673 |
| 020 ## - INTERNATIONAL STANDARD BOOK NUMBER |
| International Standard Book Number |
0786310979 |
| 040 ## - CATALOGING SOURCE |
| Original cataloging agency |
DNLM/DLC |
| Transcribing agency |
DLC |
| Modifying agency |
DLC |
| 050 00 - LIBRARY OF CONGRESS CALL NUMBER |
| Classification number |
RA999.A35 |
| Item number |
L36 1997 |
| 060 10 - NATIONAL LIBRARY OF MEDICINE CALL NUMBER |
| Classification number |
WT 27.1 L282m 1997 |
| 080 ## - UNIVERSAL DECIMAL CLASSIFICATION NUMBER |
| Universal Decimal Classification number |
005 |
| Item number |
L-24 |
| 082 00 - DEWEY DECIMAL CLASSIFICATION NUMBER |
| Classification number |
362.1/6/068 |
| Edition number |
21 |
| 100 1# - MAIN ENTRY--PERSONAL NAME |
| Personal name |
Langlais, K. J. |
| 245 10 - TITLE STATEMENT |
| Title |
Managing with integrity for long term care : |
| Remainder of title |
the key to success for building stability in staffing / |
| Statement of responsibility, etc. |
K.J. Langlais. |
| 260 ## - PUBLICATION, DISTRIBUTION, ETC. |
| Place of publication, distribution, etc. |
New York : |
| Name of publisher, distributor, etc. |
McGraw-Hill, |
| Date of publication, distribution, etc. |
1997. |
| 300 ## - PHYSICAL DESCRIPTION |
| Extent |
xi, 247 p. : |
| Other physical details |
ill. ; |
| Dimensions |
24 cm. |
| 500 ## - GENERAL NOTE |
| General note |
Includes index. |
| 650 #0 - SUBJECT ADDED ENTRY--TOPICAL TERM |
| Topical term or geographic name entry element |
Long-term care facilities |
| General subdivision |
Administration. |
| 650 #0 - SUBJECT ADDED ENTRY--TOPICAL TERM |
| Topical term or geographic name entry element |
Long-term care facilities |
| General subdivision |
Personnel management. |
| 650 12 - SUBJECT ADDED ENTRY--TOPICAL TERM |
| Topical term or geographic name entry element |
Nursing Homes |
| General subdivision |
organization & administration. |
| 650 12 - SUBJECT ADDED ENTRY--TOPICAL TERM |
| Topical term or geographic name entry element |
Homes for the Aged |
| General subdivision |
organization & administration. |
| 650 22 - SUBJECT ADDED ENTRY--TOPICAL TERM |
| Topical term or geographic name entry element |
Long-Term Care |
| General subdivision |
organization & administration. |
| 650 22 - SUBJECT ADDED ENTRY--TOPICAL TERM |
| Topical term or geographic name entry element |
Ethics, Institutional. |
| 650 22 - SUBJECT ADDED ENTRY--TOPICAL TERM |
| Topical term or geographic name entry element |
Personnel Management |
| General subdivision |
methods. |
| 653 ## - INDEX TERM--UNCONTROLLED |
| Uncontrolled term |
მენეჯმენტი |
| 906 ## - LOCAL DATA ELEMENT F, LDF (RLIN) |
| a |
7 |
| b |
cbc |
| c |
orignew |
| d |
1 |
| e |
ocip |
| f |
19 |
| g |
y-gencatlg |
| 942 ## - ADDED ENTRY ELEMENTS (KOHA) |
| Source of classification or shelving scheme |
|
| Koha item type |
Books |